Historia de las ciencias 4: la ciencia del siglo XIX / Stephen F. Mason
Bewaard in:
| Hoofdauteur: | |
|---|---|
| Formaat: | Boek |
| Taal: | Undetermined |
| Gepubliceerd in: |
México, Distrito Federal
Alianza Editorial
1988
|
| Onderwerpen: | |
| Tags: |
Voeg label toe
Geen labels, Wees de eerste die dit record labelt!
|
MARC
| LEADER | 00000nam a2200000Ia 4500 | ||
|---|---|---|---|
| 008 | 170316s9999 xx 000 0 und d | ||
| 090 | |a 100 M-25.1h v.4 | ||
| 100 | |a Mason, Stephen F. | ||
| 245 | |a Historia de las ciencias 4: la ciencia del siglo XIX / Stephen F. Mason | ||
| 260 | |a México, Distrito Federal | ||
| 260 | |b Alianza Editorial | ||
| 260 | |c 1988 | ||
| 300 | |a 192 páginas | ||
| 650 | |a FILOSOFÍA | ||
| 650 | |a EVOLUCIÓN DE LAS ESPECIES | ||
| 650 | |a QUÍMICA | ||
| 650 | |a TEORÍA ATÓMICA DE LA MATERIA | ||
| 650 | |a TEORÍA ONDULATORIA DE LA LUZ | ||
| 650 | |a ELECTRICIDAD Y MAGNETISMO | ||
| 650 | |a TERMODINÁMICA | ||
| 650 | |a CIENCIA E INGENIERÍA | ||
| 650 | |a APLICACIONES DE LA QUÍMICA Y LA INGENIERÍA | ||
| 999 | |c 16971 |d 16971 | ||
| 040 | |a cru BVZT | ||
| 942 | |c 15 D |h 100 M-25.1h v.4 |2 z | ||
